000 01088nam a2200301 i 4500
003 DO-SdBNP
005 20250526101437.0
007 ta
008 250523b2024 dr ||||| |||| 00| 0 spa d
020 _a9789945223866
040 _aDO-SdBNP
_bspa
_cBNPHU
_erda
041 _aspa
082 4 _axxx
_bM516n
_222
100 1 _aMejía, Amable,
_d1959-
_eautor
_4aut.
_96577
245 1 0 _aNoches con fondo rojo /
_cAmable Mejía
246 1 0 _aCuentos :
_bNoches con fondo rojo
250 _aPrimera edición
264 _aSanto Domingo :
_bEditora Búho,
_c2024.
300 _a76 páginas ;
_c22 cm.
336 _atexto
_btxt
_2rdacontent
337 _asin mediación
_bn
_2rdamedia
338 _avolumen
_bnc
_2rdacarrier
500 _aIncluye datos biográficos del autor en la solapa de la cubierta.
505 _aNoches con fondos rojo -- Nununa -- Unicornio azul rojizo --1959 -- Recuerdo en pareja -- “Paraguevito” --Un general más -- Damnificadas -- Vamos, compadre, por ahí, a hablar inglés.
590 _aInventariado, 2025 /LP
910 _aLP
942 _2ddc
_cLBS1
999 _c58673
_d58673